000 03069cam a22006854i 4500
003 PE-LiUPU
005 20250731170447.0
008 150706s2008 sp a rb 000 0 spa d
020 _a8497565991
020 _a9788497565998
035 _a(Sirsi) i9788497565998
040 _aPE-LiUPU
_bspa
_cPE-LiUPU
_dPE-LiUPU
_erda
049 _aPRUA
082 0 4 _a159.9
_bR74
_221
082 0 4 _a159.9
_bR75 2008
100 1 _aRodríguez-Marín, Jesús,
_eautor.
245 1 0 _aManual de psicología social de la salud /
_cJesús Rodríguez-Marín, Maria del Carmen Neipp López.
264 1 _aMadrid :
_bSíntesis,
_c[2008].
300 _a375 páginas :
_bilustraciones ;
_c23 centímetros.
336 _atext
_2rdacontent
337 _aunmediated
_2rdamedia
338 _avolume
_2rdacarrier
490 0 _aBiblioteca de Psicología ;
_v5
504 _aBibliografía : página 339-375.
505 0 _aPsicología social de la salud -- El estrés y su afrontamiento -- Estrés y enfermedad -- Apoyo social y salud -- La conducta de la salud -- La conducta de la enfermedad -- Relación entre profesional sanitario y paciente -- Efectos de la interacción entre profesional sanitario y paciente -- Impacto psicosocial de la hospitalización -- Calidad de vida, salud y enfermedad -- Pacientes terminales, Psicología social de la muerte -- Promoción de la salud y prevención de la enfermedad -- Salud laboral -- La calidad de la vida de los profesionales sanitarios: "quemarse" en el trabajo.
526 _aSEG68
526 _aSEG70
526 _aSEG69
526 _aSEG67
526 _aSEG43
526 _aP144
526 _aP143
526 _aP131
526 _aP122
526 _aP120
526 _aP117
526 _aP112
526 _aP110
526 _aP106
526 _aP101
526 _aP80
526 _aP59
526 _aP54
526 _aP35
526 _aP33
526 _aP30
541 _g001-0030486;
650 0 4 _aPsicología de la salud .
_95625
700 1 _aNeipp López, Maria del Carmen,
_eautor.
910 _agl
_bjv
_cng
_d20090918
910 _btqv
_cwelc
_d20160829
942 _2ddc
_cBOOK
949 _a159.9 R74
_wDEWEY
_c1
_i60442
_d2016-5-27
_e2016-5-27
_lCCODEBUL1
_mBUL
_n3
_p36.00
_r0
_sY
_tBOOK
_u2015-7-6
_xSALUD
_PP33
_0COMPRA
_o.STAFF. Colección Ciencias de la Salud
949 _a159.9 R75 2008
_wDEWEY
_c1
_iFJ01624
_lCCODEBUJ1
_mBUJ
_p36.00
_r0
_sY
_tBOOK
_u2015-10-7
_xSALUD
_PP33
_0COMPRA
_o.STAFF. Colección General Juliaca
994 _aC0
_bPEPRU
596 _a1 3
999 _a159.9 R74
_wDEWEY
_c49897
_i60442
_d49897
_e2018-8-1
_f2021-11-3
_g5
_lCCODEBUL1
_mBUL
_n5
_p36.00
_q2
_r0
_sY
_tBOOK
_u2015-7-6
_xSALUD
_zP33
_0COMPRA
_o.STAFF. Colección Ciencias de la Salud
999 _a159.9 R75 2008
_wDEWEY
_c1
_iFJ01624
_d2019-8-26
_e2018-10-30
_f2022-1-17
_g4
_lCCODEBUJ1
_mBUJ
_n2
_p36.00
_q9
_r0
_sY
_tBOOK
_u2015-10-7
_xSALUD
_PP33
_0COMPRA
_o.STAFF. Colección General Juliaca
980 _81
_gALBERTO SANCHEZ Responsable de Automatización